Segmentácia spotrebiteľov podľa ich vzťahu k nákupu ekologických výrobkov diplomová práca

Salvato in:
Dettagli Bibliografici
Autore principale: Gulášová, Lucia
Ente Autore: Obchodná fakulta EU. Katedra tovaroznalectva a kvality tovaru
Altri autori: Jarossová, Malgorzata Agnieszka, 1978-
Natura: Libro
Lingua:slovacco
Pubblicazione: Bratislava 2017
Tags: Aggiungi Tag
Nessun Tag, puoi essere il primo ad aggiungerne!!

MARC

LEADER 00000nbm a2200000 4500
001 0230613
005 20180710144344.5
041 0 |a slo 
044 |a SK 
245 1 0 |a Segmentácia spotrebiteľov podľa ich vzťahu k nákupu ekologických výrobkov  |b diplomová práca  |c Lucia Gulášová ; školiteľ: Malgorzata Agnieszka Jarossová 
264 1 |a Bratislava  |c 2017 
300 |a 74 s. 
100 1 |a Gulášová, Lucia 
700 1 |a Jarossová, Malgorzata Agnieszka, 1978- 
710 2 |a Obchodná fakulta EU. Katedra tovaroznalectva a kvality tovaru